[Event "2017 Oceania Zone 3.6 Zonal Championship"]
[Site "Auckland NZL"]
[Date "2017.01.17" ]
[Round "5.1"]
[White "Smirnov, Anton"]
[Black "Dale, Ari"]
[Result "1/2-1/2"]
[LiveChessVersion "1.4.7"]
[BlackElo "2333"]
[WhiteElo "2519"]

1. d4 {[%clk 1:30:50]} Nf6 {[%clk 1:30:53]} 2. Nf3 {[%clk 1:31:14]} g6
{[%clk 1:31:17]} 3. g3 {[%clk 1:31:00]} Bg7 {[%clk 1:31:18]} 4. Bg2
{[%clk 1:31:24]} d5 {[%clk 1:31:06]} 5. c3 {[%clk 1:31:40]} O-O {[%clk 1:31:22]}
6. O-O {[%clk 1:32:05]} b6 {[%clk 1:25:09]} 7. Bf4 {[%clk 1:25:19]} Bb7
{[%clk 1:24:29]} 8. a4 {[%clk 1:21:26]} c5 {[%clk 1:21:32]} 9. Qb3
{[%clk 1:17:13]} Qc8 {[%clk 1:11:42]} 10. Nbd2 {[%clk 1:10:20]} Nc6
{[%clk 1:05:24]} 11. Ne5 {[%clk 1:05:46]} cxd4 {[%clk 1:01:15]} 12. Nxc6
{[%clk 1:06:00]} Qxc6 {[%clk 1:01:39]} 13. cxd4 {[%clk 1:06:11]} Rfc8
{[%clk 1:01:29]} 14. a5 {[%clk 1:01:49]} Ba6 {[%clk 0:52:53]} 15. Rfe1
{[%clk 0:58:31]} e6 {[%clk 0:50:25]} 16. axb6 {[%clk 0:44:38]} axb6
{[%clk 0:45:48]} 17. e4 {[%clk 0:36:46]} Nxe4 {[%clk 0:30:50]} 18. Nxe4
{[%clk 0:34:38]} Bc4 {[%clk 0:30:27]} 19. Qb4 {[%clk 0:21:30]} Rxa1
{[%clk 0:25:35]} 20. Rxa1 {[%clk 0:21:58]} dxe4 {[%clk 0:25:57]} 21. Rc1
{[%clk 0:22:23]} Bf8 {[%clk 0:25:42]} 22. Qe1 {[%clk 0:22:47]} Qd7
{[%clk 0:23:56]} 23. Bxe4 {[%clk 0:22:12]} Ba2 {[%clk 0:12:11]} 24. Rxc8
{[%clk 0:22:13]} Qxc8 {[%clk 0:12:38]} 25. Qc3 {[%clk 0:17:04]} Qxc3
{[%clk 0:09:39]} 26. bxc3 {[%clk 0:17:27]} 1/2-1/2

[Event "2017 Oceania Zone 3.6 Zonal Championship"]
[Site "Auckland NZL"]
[Date "2017.01.17" ]
[Round "5.2"]
[White "Zelesco, Karl"]
[Black "Illingworth, Max"]
[Result "0-1"]
[LiveChessVersion "1.4.7"]
[BlackElo "2481"]
[WhiteElo "2345"]

1. f4 {[%clk 1:29:59]} d5 {[%clk 1:30:51]} 2. Nf3 {[%clk 1:30:08]} g6
{[%clk 1:31:10]} 3. c4 {[%clk 1:30:17]} e6 {[%clk 1:30:06]} 4. g3
{[%clk 1:29:22]} Bg7 {[%clk 1:30:30]} 5. Bg2 {[%clk 1:29:34]} Ne7
{[%clk 1:30:42]} 6. O-O {[%clk 1:22:50]} O-O {[%clk 1:31:01]} 7. Na3
{[%clk 1:18:37]} c5 {[%clk 1:31:04]} 8. d3 {[%clk 1:16:10]} Nbc6 {[%clk 1:30:36]}
9. e3 {[%clk 1:15:20]} b6 {[%clk 1:30:20]} 10. Qe2 {[%clk 1:15:09]} Bb7
{[%clk 1:30:05]} 11. Rd1 {[%clk 1:05:10]} e5 {[%clk 1:24:27]} 12. cxd5
{[%clk 0:55:07]} Nxd5 {[%clk 1:24:46]} 13. Nc4 {[%clk 0:55:31]} exf4
{[%clk 1:24:06]} 14. e4 {[%clk 0:51:33]} Re8 {[%clk 1:20:36]} 15. gxf4
{[%clk 0:47:25]} Qc7 {[%clk 1:19:18]} 16. Qd2 {[%clk 0:45:54]} Nd4
{[%clk 1:18:00]} 17. Kh1 {[%clk 0:41:46]} Nxf3 {[%clk 1:16:42]} 18. Bxf3
{[%clk 0:42:12]} Nb4 {[%clk 1:17:03]} 19. Qe2 {[%clk 0:38:54]} f5
{[%clk 1:12:01]} 20. a3 {[%clk 0:35:13]} Nc6 {[%clk 1:11:27]} 21. Be3
{[%clk 0:35:17]} b5 {[%clk 1:05:29]} 22. Nd2 {[%clk 0:35:12]} Bxb2
{[%clk 1:02:08]} 23. Nb3 {[%clk 0:30:45]} Bxa1 {[%clk 1:01:45]} 24. Rxa1
{[%clk 0:31:10]} fxe4 {[%clk 0:57:10]} 25. dxe4 {[%clk 0:31:08]} c4
{[%clk 0:50:27]} 26. Nc5 {[%clk 0:31:28]} Rad8 {[%clk 0:50:42]} 27. Qb2
{[%clk 0:28:15]} Ba8 {[%clk 0:44:46]} 28. Qxb5 {[%clk 0:26:04]} Qf7
{[%clk 0:44:56]} 29. Bg2 {[%clk 0:09:15]} Nd4 {[%clk 0:44:35]} 30. Qb2
{[%clk 0:08:58]} Nb3 {[%clk 0:42:26]} 31. Re1 {[%clk 0:07:12]} Rc8
{[%clk 0:41:26]} 32. Qf2 {[%clk 0:07:04]} Nxc5 {[%clk 0:39:47]} 33. Bxc5
{[%clk 0:07:32]} c3 {[%clk 0:40:09]} 34. Bd4 {[%clk 0:03:34]} Rc4
{[%clk 0:38:45]} 35. f5 {[%clk 0:03:10]} c2 {[%clk 0:38:33]} 36. Qe3
{[%clk 0:02:56]} Rd8 {[%clk 0:36:59]} 37. fxg6 {[%clk 0:02:59]} hxg6
{[%clk 0:36:45]} 38. Bb2 {[%clk 0:01:22]} Rd1 {[%clk 0:36:57]} 39. Qe2
{[%clk 0:00:49]} Rxe1+ {[%clk 0:35:30]} 40. Qxe1 {[%clk 0:31:17]} Bxe4
{[%clk 1:04:58]} 41. h3 {[%clk 0:29:20]} Qb7 {[%clk 1:03:47]} 42. Qd2
{[%clk 0:27:17]} Bxg2+ {[%clk 1:03:37]} 43. Kh2 {[%clk 0:25:58]} Qxb2
{[%clk 1:03:24]} 44. Qd8+ {[%clk 0:26:09]} Kh7 {[%clk 1:03:41]} 45. Qe7+
{[%clk 0:26:19]} Qg7 {[%clk 1:04:05]} 0-1

[Event "2017 Oceania Zone 3.6 Zonal Championship"]
[Site "Auckland NZL"]
[Date "2017.01.17" ]
[Round "5.4"]
[White "Wheeler, Bruce"]
[Black "Gong, Patrick"]
[Result "0-1"]
[LiveChessVersion "1.4.7"]
[BlackElo "2303"]
[WhiteElo "2120"]

1. e4 {[%clk 1:29:52]} d6 {[%clk 1:30:42]} 2. d4 {[%clk 1:30:14]} Nf6
{[%clk 1:30:59]} 3. Bd3 {[%clk 1:30:37]} g6 {[%clk 1:31:14]} 4. f4
{[%clk 1:30:12]} Bg7 {[%clk 1:31:30]} 5. Nf3 {[%clk 1:30:30]} O-O
{[%clk 1:31:39]} 6. O-O {[%clk 1:30:48]} Na6 {[%clk 1:27:34]} 7. c3
{[%clk 1:29:38]} c5 {[%clk 1:24:48]} 8. Nbd2 {[%clk 1:28:48]} Rb8
{[%clk 1:19:16]} 9. Qe1 {[%clk 1:26:23]} Qc7 {[%clk 1:08:18]} 10. a3
{[%clk 1:25:30]} b5 {[%clk 1:05:21]} 11. Qh4 {[%clk 1:23:59]} cxd4
{[%clk 1:01:05]} 12. cxd4 {[%clk 1:21:46]} b4 {[%clk 0:59:37]} 13. e5
{[%clk 1:20:22]} Nh5 {[%clk 0:50:22]} 14. Ne4 {[%clk 1:18:11]} f5
{[%clk 0:49:04]} 15. exf6 {[%clk 1:15:56]} exf6 {[%clk 0:48:14]} 16. f5
{[%clk 1:12:25]} bxa3 {[%clk 0:42:38]} 17. Rxa3 {[%clk 1:07:39]} Nb4
{[%clk 0:42:33]} 18. Bb1 {[%clk 1:02:41]} Bxf5 {[%clk 0:41:33]} 19. g4
{[%clk 0:58:09]} Bxg4 {[%clk 0:39:25]} 20. Qxg4 {[%clk 0:48:02]} f5
{[%clk 0:39:29]} 21. Qh4 {[%clk 0:47:23]} fxe4 {[%clk 0:38:03]} 22. Bxe4
{[%clk 0:46:41]} Rbe8 {[%clk 0:33:19]} 23. Bd2 {[%clk 0:45:50]} Qb6
{[%clk 0:31:02]} 24. Bxb4 {[%clk 0:39:26]} Qxb4 {[%clk 0:31:19]} 25. Bd5+
{[%clk 0:39:37]} Kh8 {[%clk 0:31:40]} 26. Rxa7 {[%clk 0:39:41]} Rf4
{[%clk 0:25:43]} 27. Re7 {[%clk 0:37:31]} Ref8 {[%clk 0:22:09]} 28. Qe1
{[%clk 0:34:51]} Qb5 {[%clk 0:21:36]} 29. Bb7 {[%clk 0:31:09]} d5
{[%clk 0:20:52]} 30. Qe3 {[%clk 0:30:50]} Bxd4 {[%clk 0:20:36]} 0-1

[Event "2017 Oceania Zone 3.6 Zonal Championship"]
[Site "Auckland NZL"]
[Date "2017.01.17" ]
[Round "5.5"]
[White "Chan, Luis"]
[Black "Lane, Gary W"]
[Result "1/2-1/2"]
[LiveChessVersion "1.4.7"]
[BlackElo "2404"]
[WhiteElo "2135"]

1. d4 {[%clk 1:30:55]} d5 {[%clk 1:29:41]} 2. c4 dxc4 {[%clk 1:29:54]} 3. Nf3
{[%clk 1:31:33]} Nf6 {[%clk 1:29:36]} 4. e3 {[%clk 1:31:29]} b5 {[%clk 1:29:58]}
5. a4 {[%clk 1:30:00]} b4 {[%clk 1:29:36]} 6. Bxc4 {[%clk 1:29:04]} e6
{[%clk 1:29:54]} 7. O-O {[%clk 1:27:01]} Be7 {[%clk 1:29:42]} 8. Nbd2
{[%clk 1:24:36]} Bb7 {[%clk 1:28:18]} 9. Qc2 {[%clk 1:22:24]} Nbd7
{[%clk 1:25:07]} 10. b3 {[%clk 1:13:13]} O-O {[%clk 1:23:37]} 11. Bb2
{[%clk 1:11:18]} c5 {[%clk 1:23:26]} 12. Rfd1 {[%clk 1:08:36]} h6
{[%clk 1:18:24]} 13. e4 {[%clk 1:02:57]} cxd4 {[%clk 1:10:54]} 14. Bxd4
{[%clk 1:01:08]} Nc5 {[%clk 0:53:05]} 15. e5 {[%clk 0:53:25]} Nd5
{[%clk 0:47:59]} 16. Ne4 {[%clk 0:46:48]} Nd7 {[%clk 0:41:28]} 17. Rac1
{[%clk 0:40:21]} a5 {[%clk 0:37:18]} 18. Qe2 {[%clk 0:39:12]} Rc8
{[%clk 0:35:06]} 19. Bb5 {[%clk 0:38:44]} Nf4 {[%clk 0:27:58]} 20. Qe3
{[%clk 0:38:27]} Nd5 {[%clk 0:28:22]} 21. Qe2 {[%clk 0:38:20]} Nf4
{[%clk 0:26:40]} 22. Qe3 {[%clk 0:38:21]} 1/2-1/2

[Event "2017 Oceania Zone 3.6 Zonal Championship"]
[Site "Auckland NZL"]
[Date "2017.01.17" ]
[Round "5.6"]
[White "Hague, Ben"]
[Black "Chan, Kris"]
[Result "1-0"]
[LiveChessVersion "1.4.7"]
[BlackElo "2120"]
[WhiteElo "2333"]

1. e4 {[%clk 1:30:57]} e6 {[%clk 1:30:53]} 2. d4 {[%clk 1:30:45]} d5
{[%clk 1:31:18]} 3. Nc3 {[%clk 1:31:10]} Bb4 {[%clk 1:31:43]} 4. e5
{[%clk 1:31:33]} c5 {[%clk 1:31:29]} 5. a3 {[%clk 1:31:54]} Bxc3+ 6. bxc3
{[%clk 1:32:19]} Qa5 {[%clk 1:31:10]} 7. Bd2 {[%clk 1:32:42]} Qa4
{[%clk 1:31:36]} 8. Qg4 {[%clk 1:33:04]} Kf8 {[%clk 1:31:46]} 9. Nf3
{[%clk 1:32:49]} Ne7 {[%clk 1:28:45]} 10. h3 {[%clk 1:31:06]} Nbc6
{[%clk 1:23:04]} 11. dxc5 {[%clk 1:28:32]} Qe4+ {[%clk 1:19:10]} 12. Qxe4
{[%clk 1:28:32]} dxe4 {[%clk 1:19:10]} 13. Ng5 {[%clk 1:24:54]} Nxe5
{[%clk 1:19:30]} 14. Nxe4 {[%clk 1:24:58]} Bd7 {[%clk 1:18:30]} 15. Bd3
{[%clk 1:10:10]} Bc6 {[%clk 1:14:52]} 16. O-O-O {[%clk 1:08:15]} 1-0

[Event "2017 Oceania Zone 3.6 Zonal Championship"]
[Site "Auckland NZL"]
[Date "2017.01.17" ]
[Round "5.7"]
[White "Ker, Anthony F"]
[Black "Kethro, Michael"]
[Result "1-0"]
[LiveChessVersion "1.4.7"]
[BlackElo "2091"]
[WhiteElo "2300"]

1. d4 {[%clk 1:30:57]} Nf6 {[%clk 1:30:56]} 2. c4 {[%clk 1:31:20]} g6
{[%clk 1:31:18]} 3. Nc3 {[%clk 1:31:42]} Bg7 {[%clk 1:31:40]} 4. e4
{[%clk 1:32:05]} d6 {[%clk 1:32:06]} 5. h3 {[%clk 1:32:31]} O-O {[%clk 1:32:22]}
6. Nf3 {[%clk 1:32:58]} Na6 {[%clk 1:32:21]} 7. Bg5 {[%clk 1:33:12]} Qe8
{[%clk 1:31:21]} 8. Be2 {[%clk 1:33:24]} e5 {[%clk 1:31:34]} 9. d5
{[%clk 1:33:44]} Nh5 {[%clk 1:31:04]} 10. g3 {[%clk 1:29:41]} f6 {[%clk 1:30:12]}
11. Bd2 {[%clk 1:28:59]} f5 12. exf5 {[%clk 1:27:45]} e4 {[%clk 1:30:23]} 13. Nh2
{[%clk 1:13:02]} e3 {[%clk 1:28:39]} 14. fxe3 {[%clk 0:52:30]} Nxg3
{[%clk 1:28:59]} 15. Rg1 {[%clk 0:52:56]} Nxf5 {[%clk 1:28:26]} 16. Nf1
{[%clk 0:50:59]} Bf6 {[%clk 1:24:46]} 17. Qc2 {[%clk 0:50:14]} Nb4
{[%clk 1:21:30]} 18. Qb3 {[%clk 0:50:37]} Bh4+ {[%clk 1:20:35]} 19. Kd1
{[%clk 0:51:03]} Bf2 {[%clk 0:58:18]} 20. Rg4 {[%clk 0:50:54]} Na6
{[%clk 0:53:36]} 21. Ne4 {[%clk 0:41:57]} Nd4 {[%clk 0:47:49]} 22. Qd3
{[%clk 0:35:30]} Nxe2 {[%clk 0:46:18]} 23. Kxe2 {[%clk 0:35:54]} Bxg4+
{[%clk 0:45:13]} 24. hxg4 {[%clk 0:36:19]} Nc5 {[%clk 0:42:44]} 25. Nxc5
{[%clk 0:36:16]} dxc5 {[%clk 0:43:10]} 26. Bc3 {[%clk 0:35:12]} Qd7
{[%clk 0:41:53]} 27. Kd2 {[%clk 0:31:25]} Qxg4 {[%clk 0:37:27]} 28. Kc2
{[%clk 0:31:30]} Rae8 {[%clk 0:36:49]} 29. d6 {[%clk 0:30:50]} cxd6
{[%clk 0:35:34]} 30. Qxd6 {[%clk 0:30:50]} Bh4 {[%clk 0:24:02]} 31. Nd2
{[%clk 0:28:44]} Rxe3 {[%clk 0:18:57]} 32. Rh1 {[%clk 0:25:11]} Qf5+
{[%clk 0:17:27]} 33. Kb3 {[%clk 0:25:17]} Bf6 {[%clk 0:16:35]} 34. Qh2
{[%clk 0:19:55]} h5 {[%clk 0:16:08]} 35. Rf1 {[%clk 0:20:22]} Bxc3
{[%clk 0:16:13]} 36. bxc3 {[%clk 0:20:49]} Qe5 {[%clk 0:15:57]} 1-0

[Event "2017 Oceania Zone 3.6 Zonal Championship"]
[Site "Auckland NZL"]
[Date "2017.01.17" ]
[Round "5.8"]
[White "Croad, Nicholas"]
[Black "Gong, Daniel Hanwen"]
[Result "0-1"]
[LiveChessVersion "1.4.7"]
[BlackElo "2090"]
[WhiteElo "2278"]

1. e4 {[%clk 1:30:56]} e6 {[%clk 1:30:44]} 2. d4 {[%clk 1:31:09]} d5
{[%clk 1:30:57]} 3. e5 {[%clk 1:31:34]} c5 {[%clk 1:31:11]} 4. c3
{[%clk 1:31:59]} Qb6 {[%clk 1:31:21]} 5. Nf3 {[%clk 1:32:21]} Nc6
{[%clk 1:31:33]} 6. a3 {[%clk 1:30:30]} Nh6 {[%clk 1:31:22]} 7. b4
{[%clk 1:29:48]} cxd4 {[%clk 1:31:24]} 8. cxd4 {[%clk 1:29:48]} Nf5
{[%clk 1:31:39]} 9. Bb2 {[%clk 1:30:21]} Bd7 {[%clk 1:28:43]} 10. g4
{[%clk 1:30:40]} Nfe7 {[%clk 1:17:20]} 11. Nc3 {[%clk 1:29:55]} Na5
{[%clk 1:11:30]} 12. Nd2 {[%clk 1:26:11]} Nc4 {[%clk 1:05:56]} 13. Bxc4
{[%clk 1:26:11]} dxc4 14. Nxc4 {[%clk 1:24:53]} Qc6 {[%clk 0:58:50]} 15. Nd6+
{[%clk 1:25:16]} Kd8 {[%clk 0:58:35]} 0-1

[Event "2017 Oceania Zone 3.6 Zonal Championship"]
[Site "Auckland NZL"]
[Date "2017.01.17" ]
[Round "5.9"]
[White "Choong, Yita"]
[Black "Rains, Edward"]
[Result "1-0"]
[LiveChessVersion "1.4.7"]
[BlackElo "2017"]
[WhiteElo "2275"]

1. d4 {[%clk 1:30:58]} Nf6 {[%clk 1:28:32]} 2. c4 {[%clk 1:31:21]} g6
{[%clk 1:28:54]} 3. g3 {[%clk 1:31:45]} Bg7 {[%clk 1:29:14]} 4. Bg2
{[%clk 1:32:11]} O-O {[%clk 1:29:35]} 5. Nc3 {[%clk 1:32:38]} d6 {[%clk 1:29:56]}
6. Nf3 {[%clk 1:33:03]} Nc6 {[%clk 1:30:02]} 7. O-O {[%clk 1:33:25]} a6
{[%clk 1:30:19]} 8. Qd3 {[%clk 1:33:50]} e5 {[%clk 1:24:10]} 9. dxe5
{[%clk 1:33:50]} Nxe5 {[%clk 1:24:10]} 10. Nxe5 {[%clk 1:34:17]} dxe5
{[%clk 1:23:30]} 11. Qxd8 Rxd8 {[%clk 1:23:50]} 12. Bg5 {[%clk 1:34:13]} Re8
{[%clk 1:19:21]} 13. Nd5 {[%clk 1:34:27]} Nxd5 14. cxd5 {[%clk 1:34:53]} f6
{[%clk 1:09:30]} 15. Be3 {[%clk 1:32:32]} Bf5 {[%clk 0:59:59]} 16. Rac1
{[%clk 1:31:51]} Rac8 {[%clk 0:57:22]} 17. Rc3 {[%clk 1:20:49]} Bf8
{[%clk 0:57:22]} 18. Rfc1 {[%clk 1:20:49]} Bd6 {[%clk 0:57:22]} 19. Bc5
{[%clk 1:20:23]} 1-0

[Event "2017 Oceania Zone 3.6 Zonal Championship"]
[Site "Auckland NZL"]
[Date "2017.01.17" ]
[Round "5.10"]
[White "Soo-Burrowes, Eliot W"]
[Black "Ang, Alphaeus Wei Ern"]
[Result "1/2-1/2"]
[LiveChessVersion "1.4.7"]
[BlackElo "2271"]
[WhiteElo "2040"]

1. c4 {[%clk 1:30:42]} Nf6 {[%clk 1:30:38]} 2. Nc3 {[%clk 1:30:55]} g6
{[%clk 1:31:03]} 3. g3 {[%clk 1:31:18]} Bg7 {[%clk 1:31:29]} 4. Bg2
{[%clk 1:31:40]} d6 {[%clk 1:31:38]} 5. e3 {[%clk 1:32:05]} O-O {[%clk 1:31:43]}
6. Nge2 {[%clk 1:32:17]} c6 {[%clk 1:30:00]} 7. O-O {[%clk 1:31:39]} e5
{[%clk 1:26:59]} 8. d4 {[%clk 1:31:39]} Nbd7 {[%clk 1:26:23]} 9. b3
{[%clk 1:31:59]} Re8 {[%clk 1:25:59]} 10. Ba3 {[%clk 1:32:05]} Bf8
{[%clk 1:22:19]} 11. Qc2 {[%clk 1:27:55]} exd4 12. Nxd4 {[%clk 1:26:56]} Qa5
{[%clk 1:08:49]} 13. Bb2 {[%clk 1:22:44]} Bg7 {[%clk 1:04:34]} 14. Rad1
{[%clk 1:18:00]} Nf8 {[%clk 0:58:56]} 15. Rd2 {[%clk 1:12:46]} Qh5
{[%clk 0:51:55]} 16. Nce2 {[%clk 0:50:19]} g5 {[%clk 0:43:52]} 17. Nf5
{[%clk 0:44:12]} Ng4 {[%clk 0:30:28]} 18. h3 {[%clk 0:43:25]} Bxf5
{[%clk 0:30:10]} 19. Qxf5 {[%clk 0:43:09]} Nh6 {[%clk 0:28:18]} 20. Qc2
{[%clk 0:41:24]} Re6 {[%clk 0:20:15]} 21. Bxg7 {[%clk 0:27:07]} Kxg7
{[%clk 0:20:37]} 22. Rfd1 {[%clk 0:27:00]} Rd8 {[%clk 0:18:28]} 23. Qb2+
{[%clk 0:20:17]} Kg8 {[%clk 0:18:09]} 24. b4 {[%clk 0:19:16]} Ng6
{[%clk 0:11:52]} 25. Nd4 {[%clk 0:16:35]} Ne5 {[%clk 0:09:29]} 26. Nxe6
{[%clk 0:16:27]} fxe6 {[%clk 0:09:21]} 27. c5 {[%clk 0:10:06]} g4
{[%clk 0:08:54]} 28. h4 {[%clk 0:07:45]} d5 {[%clk 0:09:10]} 29. Rd4
{[%clk 0:07:24]} Nf5 {[%clk 0:05:03]} 30. Re4 {[%clk 0:06:57]} Nf3+
{[%clk 0:04:29]} 31. Bxf3 {[%clk 0:06:34]} gxf3 {[%clk 0:04:52]} 32. Qf6
{[%clk 0:05:56]} Re8 {[%clk 0:03:52]} 33. Rf4 {[%clk 0:05:53]} Qg6
{[%clk 0:02:23]} 34. Qxg6+ {[%clk 0:04:48]} hxg6 {[%clk 0:02:50]} 35. Rxf3
{[%clk 0:04:08]} Kg7 {[%clk 0:02:54]} 36. Kg2 {[%clk 0:03:32]} Rh8
{[%clk 0:02:17]} 37. Rf4 {[%clk 0:01:32]} e5 {[%clk 0:02:04]} 38. Rg4
{[%clk 0:01:49]} Nh6 {[%clk 0:01:34]} 39. Rg5 {[%clk 0:01:42]} Nf7
{[%clk 0:01:59]} 40. Rg4 {[%clk 0:31:48]} Nh6 {[%clk 0:32:24]} 41. Rg5
{[%clk 0:20:31]} Nf7 {[%clk 0:32:50]} 42. Rg4 {[%clk 0:10:50]} Nh6
{[%clk 0:33:15]} 1/2-1/2

[Event "2017 Oceania Zone 3.6 Zonal Championship"]
[Site "Auckland NZL"]
[Date "2017.01.17" ]
[Round "5.11"]
[White "Mallari, Donato"]
[Black "Smith, Robert W"]
[Result "0-1"]
[LiveChessVersion "1.4.7"]
[BlackElo "2238"]
[WhiteElo "2036"]

1. e4 {[%clk 1:30:56]} c5 {[%clk 1:30:57]} 2. Nf3 {[%clk 1:30:19]} d6
{[%clk 1:31:20]} 3. d4 {[%clk 1:30:40]} cxd4 4. Nxd4 {[%clk 1:31:01]} Nf6
{[%clk 1:32:13]} 5. Nc3 {[%clk 1:31:21]} Nc6 {[%clk 1:31:28]} 6. Be2
{[%clk 1:31:10]} e6 {[%clk 1:30:49]} 7. Be3 {[%clk 1:30:45]} Be7 {[%clk 1:29:14]}
8. O-O {[%clk 1:29:45]} Qc7 {[%clk 1:24:22]} 9. Kh1 {[%clk 1:24:27]} Bd7
{[%clk 1:19:41]} 10. f4 {[%clk 1:21:58]} a6 {[%clk 1:19:53]} 11. Nb3
{[%clk 1:21:49]} O-O {[%clk 1:11:38]} 12. g4 {[%clk 1:16:16]} d5 {[%clk 0:59:39]}
13. exd5 {[%clk 1:09:13]} Nxd5 {[%clk 1:00:06]} 14. Nxd5 {[%clk 1:08:49]} exd5
{[%clk 1:00:33]} 15. c3 {[%clk 1:06:52]} Rad8 {[%clk 0:52:19]} 16. Qe1
{[%clk 1:04:47]} Rfe8 {[%clk 0:42:17]} 17. Qf2 {[%clk 1:04:20]} Bh4
{[%clk 0:42:38]} 18. Qg1 {[%clk 1:04:12]} d4 {[%clk 0:40:24]} 19. cxd4
{[%clk 0:55:17]} Nb4 {[%clk 0:40:05]} 20. Rac1 {[%clk 0:55:29]} Nc2
{[%clk 0:26:15]} 21. Bf3 {[%clk 0:47:49]} Bc6 {[%clk 0:12:57]} 22. Bd2
{[%clk 0:40:09]} Re2 {[%clk 0:11:50]} 23. Ba5 {[%clk 0:37:16]} Bxf3+
{[%clk 0:11:37]} 24. Rxf3 {[%clk 0:37:35]} Qc6 {[%clk 0:12:04]} 25. Qf1
{[%clk 0:29:04]} Rf2 {[%clk 0:10:11]} 26. Qxf2 {[%clk 0:28:32]} Bxf2
{[%clk 0:10:40]} 27. Kg2 {[%clk 0:28:43]} Be3 {[%clk 0:08:45]} 28. Kg3
{[%clk 0:16:35]} Bxc1 {[%clk 0:06:54]} 29. Nxc1 {[%clk 0:11:24]} b6
{[%clk 0:05:47]} 30. Bc3 {[%clk 0:11:12]} Nxd4 {[%clk 0:05:39]} 31. Re3
{[%clk 0:10:29]} h6 {[%clk 0:05:27]} 32. Nd3 {[%clk 0:10:14]} Nb5
{[%clk 0:04:51]} 33. Be1 {[%clk 0:06:23]} a5 {[%clk 0:04:28]} 34. a3
{[%clk 0:06:29]} f6 {[%clk 0:04:24]} 35. Bf2 {[%clk 0:05:53]} Nd6
{[%clk 0:03:53]} 36. Bg1 {[%clk 0:05:18]} Nc4 {[%clk 0:03:58]} 37. Rf3
{[%clk 0:05:08]} Nd2 {[%clk 0:03:50]} 0-1

[Event "2017 Oceania Zone 3.6 Zonal Championship"]
[Site "Auckland NZL"]
[Date "2017.01.17" ]
[Round "5.12"]
[White "Perera, Pasan"]
[Black "Garbett, Paul A"]
[Result "0-1"]
[LiveChessVersion "1.4.7"]
[BlackElo "2229"]
[WhiteElo "2004"]

1. e4 {[%clk 1:26:40]} c5 {[%clk 1:30:51]} 2. Nf3 {[%clk 1:27:04]} e6
{[%clk 1:31:08]} 3. b3 {[%clk 1:27:28]} Nc6 {[%clk 1:30:18]} 4. Bb2
{[%clk 1:26:22]} d6 {[%clk 1:30:08]} 5. d4 {[%clk 1:24:04]} cxd4 6. Nxd4
{[%clk 1:24:28]} Nf6 {[%clk 1:29:01]} 7. Nxc6 bxc6 {[%clk 1:29:12]} 8. Bd3
{[%clk 1:13:26]} Be7 {[%clk 1:25:47]} 9. O-O {[%clk 1:10:33]} e5 {[%clk 1:24:40]}
10. c4 {[%clk 1:08:38]} O-O {[%clk 1:21:15]} 11. Nc3 {[%clk 1:08:38]} Bg4
{[%clk 1:15:43]} 12. Be2 {[%clk 1:00:40]} Be6 {[%clk 1:15:21]} 13. Kh1
{[%clk 0:58:32]} Rb8 {[%clk 1:09:04]} 14. Qd2 {[%clk 0:52:34]} Qa5
{[%clk 1:03:17]} 15. Rad1 {[%clk 0:49:14]} Kh8 {[%clk 0:58:56]} 16. f4
{[%clk 0:44:58]} exf4 {[%clk 0:58:18]} 17. Qxf4 {[%clk 0:45:06]} Qe5
{[%clk 0:48:55]} 18. g4 {[%clk 0:38:11]} Qxf4 {[%clk 0:45:16]} 19. Rxf4
{[%clk 0:38:32]} Nd7 {[%clk 0:43:26]} 20. h3 {[%clk 0:31:47]} Nc5
{[%clk 0:37:02]} 21. Ba3 {[%clk 0:19:39]} Rfd8 {[%clk 0:31:56]} 22. b4
{[%clk 0:17:55]} Nd7 {[%clk 0:30:18]} 23. b5 {[%clk 0:15:25]} c5 {[%clk 0:29:40]}
24. Nd5 {[%clk 0:14:54]} Bxd5 {[%clk 0:29:19]} 25. Rxd5 {[%clk 0:13:59]} Kg8
{[%clk 0:21:44]} 26. g5 {[%clk 0:12:48]} Nb6 {[%clk 0:19:27]} 27. Rdf5
{[%clk 0:11:22]} Rf8 {[%clk 0:19:30]} 28. Rg4 {[%clk 0:11:22]} g6
{[%clk 0:19:07]} 29. Rf1 {[%clk 0:10:44]} f6 {[%clk 0:15:56]} 30. gxf6
{[%clk 0:10:11]} Bxf6 {[%clk 0:16:05]} 31. Rgf4 {[%clk 0:08:59]} Be5
{[%clk 0:16:09]} 32. Rxf8+ {[%clk 0:08:47]} Rxf8 {[%clk 0:16:33]} 33. Rxf8+
{[%clk 0:09:10]} Kxf8 {[%clk 0:16:58]} 34. Bc1 {[%clk 0:09:29]} Na4
{[%clk 0:16:30]} 35. Bd3 {[%clk 0:08:25]} Ke7 {[%clk 0:15:33]} 36. Kg2
{[%clk 0:07:55]} Ke6 {[%clk 0:15:45]} 37. Bc2 {[%clk 0:07:58]} Nb6
{[%clk 0:11:03]} 38. Bb3 {[%clk 0:08:14]} Bc3 {[%clk 0:10:58]} 39. Bh6
{[%clk 0:06:21]} Nd7 {[%clk 0:10:48]} 40. Kf3 {[%clk 0:35:13]} Ne5+
{[%clk 0:39:34]} 41. Ke2 {[%clk 0:34:37]} Nf7 {[%clk 0:39:29]} 42. Bf4
{[%clk 0:34:06]} g5 {[%clk 0:39:41]} 43. Be3 {[%clk 0:33:54]} h5 {[%clk 0:38:38]}
44. a4 {[%clk 0:33:36]} Ke5 {[%clk 0:28:57]} 45. Kd3 {[%clk 0:30:14]} Ba5
{[%clk 0:28:15]} 46. Bd1 {[%clk 0:30:34]} Kf6 {[%clk 0:28:20]} 47. Be2
{[%clk 0:30:06]} h4 {[%clk 0:19:54]} 48. Bd2 {[%clk 0:29:37]} Ne5+
{[%clk 0:18:30]} 49. Ke3 {[%clk 0:25:27]} Bxd2+ {[%clk 0:17:51]} 50. Kxd2
{[%clk 0:25:51]} g4 {[%clk 0:13:39]} 51. Kc3 {[%clk 0:26:12]} gxh3
{[%clk 0:13:15]} 52. Bf1 {[%clk 0:26:36]} h2 {[%clk 0:13:34]} 53. Bg2
{[%clk 0:27:01]} h3 {[%clk 0:13:25]} 54. Bh1 {[%clk 0:27:27]} Kg5
{[%clk 0:12:58]} 55. a5 {[%clk 0:27:24]} Kf4 {[%clk 0:12:34]} 56. b6
{[%clk 0:25:20]} a6 {[%clk 0:12:30]} 57. b7 {[%clk 0:25:27]} Nd7 {[%clk 0:12:32]}
58. Kd3 {[%clk 0:25:14]} Nb8 {[%clk 0:11:27]} 59. Ke2 {[%clk 0:25:24]} Ke5
{[%clk 0:11:30]} 60. Ke3 {[%clk 0:25:31]} Nc6 {[%clk 0:11:00]} 61. Bf3
{[%clk 0:25:48]} Nb8 {[%clk 0:10:56]} 62. Bh1 {[%clk 0:26:11]} Ke6
{[%clk 0:09:45]} 63. Kf4 {[%clk 0:25:48]} Kd7 {[%clk 0:09:08]} 64. e5
{[%clk 0:20:25]} dxe5+ {[%clk 0:09:04]} 65. Kxe5 {[%clk 0:20:40]} Kc7
{[%clk 0:09:18]} 66. Kf4 {[%clk 0:20:06]} Nd7 {[%clk 0:09:33]} 67. Kf5
{[%clk 0:20:17]} Kb8 {[%clk 0:07:30]} 68. Ke6 {[%clk 0:19:04]} Nb6
{[%clk 0:04:29]} 69. Kf5 Nd7 70. Be4 Nb6 71. Bf3 Nd7 72. Kf4 0-1

[Event "2017 Oceania Zone 3.6 Zonal Championshi"]
[Site "Auckland NZL"]
[Date "2017.01.17"]
[Round "5.13"]
[White "Louie, Jared"]
[Black "Hu, Jason"]
[Result "0-1"]
[WhiteElo "1895"]
[BlackElo "2181"]
[PlyCount "86"]
[EventDate "2017.01.14"]

1. d4 d5 2. Nf3 Nf6 3. g3 c6 4. Bg2 Bf5 5. c4 e6 6. Nc3 Nbd7 7. Qb3 Qb6 8. c5
Qxb3 9. axb3 a6 10. b4 Rc8 11. O-O h6 12. Bf4 Be7 13. Nd2 g5 14. Bd6 Bxd6 15.
cxd6 O-O 16. Na4 Rb8 17. f3 Bc2 18. Nc5 e5 19. Bh3 Nxc5 20. dxc5 h5 21. Ra3 Kg7
22. Rc1 Bg6 23. Bg2 d4 24. Ne4 Bxe4 25. fxe4 g4 26. Rf1 Kg6 27. Raa1 Nd7 28.
Rf5 f6 29. h4 b6 30. Rxa6 bxc5 31. bxc5 Rfc8 32. Ra5 Rxb2 33. Bf1 Rc2 34. Ra7
Nxc5 35. Rc7 Rd8 36. Rxc6 Rc3 37. Bg2 Nb7 38. Rb6 Nxd6 39. Rf1 Rxg3 40. Kf2 Re3
41. Ke1 d3 42. Rf2 g3 43. Kd2 Nc4+ 0-1